Pablo Picasso (Record no. 8191)

MARC details
000 - LÍDER
campo de control de longitud fija 00858nam a2200217Ia 4500
008 - ELEMENTOS DE DATOS DE LONGITUD FIJA - INFORMACIÓN GENERAL
campo de control de longitud fija 0000001980 usa 0000000000eng00
020 ## - INTERNATIONAL STANDARD BOOK NUMBER
International Standard Book Number 870705199
090 ## - NÚMERO DE LLAMADA DE TIPO LC LOCALMENTE ASIGNADO (OCLC)
Número de clasificación (OCLC) (R) PSP00 P31p2
100 1# - ENTRADA PRINCIPAL - NOMBRE PERSONAL
Nombre de la persona Picasso, Pablo
Fechas asociadas a un nombre 1881
245 10 - TÍTULO DECLARACIÓN
Título Pablo Picasso
Resto del título : a retrospective
Declaración de responsabilidad / edited by William Rubin ; chronology by Jane Fluegel
260 ## - PUBLICACIÓN, DISTRIBUCIÓN
Lugar de publicación New York : The Museum of Modern Art
Fecha de publicación 1980
300 ## - DESCRIPCIÓN FÍSICA
Alcance 463 p.
Dimensiones / 28 cm.
500 ## - NOTA GENERAL
Nota general Exposición realizada en El Museo de Arte Moderno de Nueva York, Mayo 22 Septiembre 16, 1980 \ Con el patronazgo de la empresa colombiana PLARESA
600 00 - ENTRADA DE SUJETO AÑADIDO - NOMBRE PERSONAL
Nombre de la persona PICASSO, PABLO, 18811973/
Subdivisión general TRABAJOS PICTORICOS
650 14 - ENTRADA DE SUJETO AÑADIDO - TÉRMINO TÓPICO
Término tópico o elemento de entrada del nombre geográfico ARTE CONTEMPORANEO ESPAÑOL
650 14 - ENTRADA DE SUJETO AÑADIDO - TÉRMINO TÓPICO
Subdivisión general CATALOGOS
650 14 - ENTRADA DE SUJETO AÑADIDO - TÉRMINO TÓPICO
Subdivisión general EXPOSICIONES
650 14 - ENTRADA DE SUJETO AÑADIDO - TÉRMINO TÓPICO
Término tópico o elemento de entrada del nombre geográfico PINTORES ESPAÑOLES
650 14 - ENTRADA DE SUJETO AÑADIDO - TÉRMINO TÓPICO
Término tópico o elemento de entrada del nombre geográfico PINTURA ESPAÑOLA
700 1# - ENTRADA AGREGADA - NOMBRE PERSONAL
Nombre de la persona Rubin, William \ Fluegel, Jane
Holdings
Estado de retirada Pérdida de estatus Estado dañado No para préstamo Código de recogida Ubicación permanente Ubicación actual Ubicación de las estanterías Fecha de adquisición Número de llamada completo Código de barras Fecha de la última vez que se vio Número de copia Precio efectivo desde Tipo de artículo Koha
        General ArtNexus ArtNexus General 06/09/2022 P-SP-00 P31P2 8194 06/09/2022 Ej.1 06/09/2022 Libro

Powered by Koha